<?xml version="1.0" encoding="UTF-8"?>
<collection xmlns="http://www.loc.gov/MARC21/slim">
 <record>
  <leader>00468pamaa2200145   4500</leader>
  <controlfield tag="001">0000034341</controlfield>
  <controlfield tag="005">20060922090000.0</controlfield>
  <datafield tag="020" ind1="0" ind2="0">
   <subfield code="a">0538682965 </subfield>
  </datafield>
  <datafield tag="090" ind1="0" ind2="0">
   <subfield code="a">T11 </subfield>
   <subfield code="b">MEH 1997</subfield>
  </datafield>
  <datafield tag="100" ind1="1" ind2="0">
   <subfield code="a">MEHLICH </subfield>
  </datafield>
  <datafield tag="245" ind1="1" ind2="0">
   <subfield code="a">Technical writing for success : </subfield>
   <subfield code="b">a school to-work approach  </subfield>
   <subfield code="c">Sue Mehlich, Darlene Smith-Worthington.</subfield>
  </datafield>
  <datafield tag="260" ind1="0" ind2="0">
   <subfield code="a">Ohio: </subfield>
   <subfield code="b">South-Western Educational Publishing, </subfield>
   <subfield code="c">1997.</subfield>
  </datafield>
  <datafield tag="300" ind1=" " ind2=" ">
   <subfield code="a">xvi, 400p.: </subfield>
   <subfield code="b">26cm.</subfield>
  </datafield>
  <datafield tag="650" ind1="0" ind2="0">
   <subfield code="a">Technical writing </subfield>
  </datafield>
  <datafield tag="700" ind1="1" ind2="1">
   <subfield code="a">Smith-Worthington, </subfield>
   <subfield code="h">Darlene </subfield>
  </datafield>
 </record>
</collection>
